Statystyki dla Quiz wiedzy ogólnej #11

Kliknij tutaj aby rozwiązać quiz!

Ogólne statystyki

  • Ten quiz został rozwiązany 2 970 razy
  • Średni wynik to 8 z 20

Statystyki odpowiedzi

PytanieOdpowiedź% Poprawnych
Jaka religia ma najwięcej wyznawców w Indiach?Hinduizm
81%
Pod jaką nazwą bardziej znany jest Dwayne Johnson?The Rock
81%
Jak nazywa się okres czasu pomiędzy Środą Popielcową a Wielkanocą?Post
73%
Co było zakazane w Stanach Zjednoczonych w czasach prohibicji?Sprzedaż {alkoholu}
70%
Jaki był najpowszechniej używany przedmiot do pisania w zachodnim świecie
od VI do XIX wieku?
Pióro
69%
Chiński zodiak składa się z 12 zwierząt. Które z nich jest fikcyjne?Smok
64%
W jakiej serii książek występują bohaterowie o imionach Bella, Edward i Jacob?Zmierzch
55%
W jakim obecnym państwie stoczyła się wojna peloponeska?Grecja
54%
Jak nazywa się równanie o podanym wzorze? ax2 + bx + c = 0Równanie {kwadratowe}
53%
Jaki gigantyczny ptak widnieje na herbie Australii?Emu
52%
Kto sparodiował Adolfa Hitlera w filmie "Dyktator"?Charlie Chaplin
34%
W jakim państwie znajduje się Angkor Wat?Kambodża
34%
W jakiej grze wideo można wykonać Tiger Uppercut lub Hadouken?Street Fighter
19%
Kto był pierwszym chrześcijańskim cesarzem Rzymu?Konstantyn I Wielki
17%
Jaka jest stolica stanu Queensland w Australii?Brisbane
16%
Jaki muzyczny duet został przyłapany na śpiewaniu z playbacku w 1989 roku?Milli Vanilli
15%
Jaki prezent tradycyjnie wręcza się z okazji 25. rocznicy ślubu?Srebro
11%
Jakie lotnisko w Chicago było najbardziej ruchliwym na świecie w 1998 roku?O'Hare
8%
Jaka firma dominuje w branży wydobywania i handlu diamentami?De Beers
4%
Jak pisze się słowa "świńska łacina" w świńskiej łacinie?Igpay Atinlay
3%

Rozkład punktacji

Percentyl według liczby udzielonych odpowiedzi

Procent ludzi z każdym wynikiem

Twoja historia wyników

Nie rozwiązałeś tego quizu